000 00557nam a22001817a 4500
005 20251108170102.0
008 250721s1996 xx 000 0 ara d
082 1 4 _aط/ق/ديز
100 1 _aديزني، والت
245 1 0 _aعم دهب في الجزيرة المهجورة /
264 1 _aالقاهرة :
_bدار المعارف للطبعة العربية،
_c1996.
300 _a128ص : مص
490 0 _aميكي و بطوط
650 1 7 _aأدب الأطفال
650 1 7 _aالقصص العربية
942 _2ddc
_cBK
999 _c39397
_d39397